Indian political system/ (Record no. 34511)

MARC details
000 -LEADER
fixed length control field 00663nam a22002057a 4500
005 - DATE AND TIME OF LATEST TRANSACTION
control field 20171101141547.0
008 - FIXED-LENGTH DATA ELEMENTS--GENERAL INFORMATION
fixed length control field 100309t xxu||||| |||| 00| 0 eng d
010 ## - LCCN (DPL NO)
LC control number ENG-95867
020 ## - INTERNATIONAL STANDARD BOOK NUMBER
International Standard Book Number 9788184551433
Terms of availability 750.00
035 ## - SYSTEM CONTROL NUMBER
System control number EN-79400
037 ## - SOURCE OF ACQUISITION
Source of stock number/acquisition DBAD/PUB
040 ## - CATALOGING SOURCE
Original cataloging agency DPL
082 ## - DEWEY DECIMAL CLASSIFICATION NUMBER
Classification number 320.954
100 ## - MAIN ENTRY--PERSONAL NAME
Personal name Singh, Narendra
245 ## - TITLE STATEMENT
Title Indian political system/
Statement of responsibility, etc by Narendra Singh
260 ## - PUBLICATION, DISTRIBUTION, ETC. (IMPRINT)
Place of publication, distribution, etc New Delhi
Name of publisher, distributor, etc Omega Publications
Date of publication, distribution, etc 2009
270 ## - ADDRESS
Address 4378/4B, G4, JMD House, Murari Lal Street, Ansari Road, Daryaganj
City New Delhi
Postal code 110002
300 ## - PHYSICAL DESCRIPTION
Extent 312p :
Dimensions 23 cm. (Hb)
Accompanying material Bibliography page 310-312
942 ## - ADDED ENTRY ELEMENTS (KOHA)
Source of classification or shelving scheme Dewey Decimal Classification
Item type English Books
Call number suffix SIN
Classification part 320.954
Holdings
Withdrawn status Lost status Source of classification or shelving scheme Materials specified (bound volume or other part) Damaged status Not for loan Collection code Home library Current library Date acquired Source of acquisition Cost, normal purchase price Total Checkouts Full call number Barcode Date last seen Copy number Cost, replacement price Koha item type
    Dewey Decimal Classification Hb   Not For Loan Non-fiction D.B.Act.Division Bawana 09/03/2010 DPL 750.00   320.954SIN EN-79400 09/03/2010 1 750.00 English Books

© Delhi Public Library
Hit Counter
free hit counter